|
|
|
|
| LEADER |
00712nam a2200205 a 4500 |
| 001 |
c000092192 |
| 003 |
CARM |
| 005 |
00000000000000.0 |
| 008 |
931022s1966 enk 00011 eng d |
| 019 |
1 |
|
|a 10485150
|5 LACONCORD2021
|
| 035 |
|
|
|a (OCoLC)30285897
|5 LACONCORD2021
|
| 040 |
|
|
|a VLINC
|c VLINC
|
| 100 |
1 |
|
|a Barrie, Susan.
|
| 245 |
1 |
0 |
|a Rose in the bud /
|c by Susan Barrie.
|
| 260 |
|
|
|a London :
|b Mills & Boon,
|c 1966.
|
| 300 |
|
|
|a 156 p. ;
|c 19 cm.
|
| 852 |
8 |
|
|b CARM
|h A2:AG30G0
|i A01456
|p 0111686
|f BK
|
| 082 |
0 |
4 |
|a 823.914
|2 20
|
| 999 |
f |
f |
|i 3b2d40d8-296e-5bd8-922f-184b3d1726e6
|s d55cdaf3-8942-54d0-a2dd-2b500e53868d
|
| 952 |
f |
f |
|p Can circulate
|a CAVAL
|b CAVAL
|c CAVAL
|d CARM 1 Store
|e A01456
|f A2:AG30G0
|h Other scheme
|i book
|m 0111686
|